000 00714nam a22002417a 4500
003 UA-OsUOA
001 22076
007 ta
008 20031216b un ||||| |||| 00| 0 ukr d
100 _aКаймаразов Г.Ш.
090 _a008(091)"654"
_bК15
942 _cBK
040 _aUA-OsUOA
_brus
_cUA-OsUOA
_dUA-OsUOA
245 _aОчерки истории культуры народов Дагестана
_bОт времени присоединения к России до наших дней
300 _a476 с.
955 _a0
041 _arus
080 _a008(091)"654"
260 _aМосква
_bНаука
_c1971
044 _aRU
650 7 _2UDC
999 _c308289
_d308289